Scrambled “E” Words - Statistics

General Stats
  • This quiz has been taken 78 times
  • The average score is 30 of 40
Answer Stats
Hint Answer % Correct
geale Eagle
98%
texra Extra
95%
gihte Eight
94%
pmeyt Empty
92%
enyem Enemy
92%
ryeve Every
92%
ixest Exist
92%
epirem Empire
89%
yoejn Enjoy
89%
neezym Enzyme
89%
tneve Event
89%
ieplixct Explicit
89%
uealq Equal
87%
xpeetr Expert
86%
enygre Energy
84%
keove Evoke
83%
layer Early
81%
ghenou Enough
79%
esyatcs Ecstasy
75%
ephnleta Elephant
75%
yorbme Embryo
75%
serrae Eraser
75%
eopdexl Explode
73%
etddecau Educated
71%
bgieelil Eligible
70%
seseprm Empress
70%
nrieeegn Engineer
70%
retncyp Encrypt
68%
leaedmr Emerald
63%
talesci Elastic
62%
oravetel Elevator
59%
ctrose Escort
59%
taresuy Estuary
59%
elydei Eyelid
59%
letccier Electric
57%
eiutaqno Equation
56%
htyarel Earthly
54%
gabmroe Embargo
54%
eihpett Epithet
46%
rnnectae Entrance
37%
No matching quizzes found
Score Distribution
Percent of People with Each Score
Percentile by Number Answered
Your Score History
You have not taken this quiz